Statistiken für VfL Osnabrück Kader 22/23

Klicken Sie hier um das Quiz zu spielen!

Allgemein

  • Dieses Quiz wurde 61 mal gespielt
  • Das Durchschnittsergebnis liegt bei 16 aus 25

Antwortstatistiken

RückennummerSpieler% Korrekt
22Kühn
96%
33Beermann
86%
11Simakala
86%
9Engelhardt
84%
20Heider
84%
3Kleinhansl
84%
6Köhler
84%
8Tesche
84%
23Traore
82%
32Wulff
76%
28Niemann
73%
13Kunze
71%
25Wiemann
61%
16Rorig
55%
10Wähling
55%
21Beckemeyer
51%
17Higl
51%
1Adamcyk
47%
24Haas
47%
15Chato
45%
30Oduah
45%
19Putaro
45%
7Bertram
41%
29Itter
41%
4Gyamfy
27%

Verteilung der Resultate

Perzentil nach korrekt beantworteten Fragen

Anzahl Personen mit jedem Resultat

Ihre Resultats-Entwicklung

Sie haben dieses Quiz noch nicht gespielt